[Event "Team Championship (men blitz)"]
[Site "Sochi"]
[Date "2017.10.05"]
[Round "15.26"]
[White "Potapov, Pavel"]
[Black "Pridorozhni, Aleksei"]
[Result "1/2-1/2"]
[LiveChessVersion "1.4.8"]
[BlackElo "2671"]
[WhiteElo "2451"]

1. e4 {[%clk 0:03:03]} a6 {[%clk 0:03:04]} 2. Nf3 {[%clk 0:03:02]} b5
{[%clk 0:03:04]} 3. d4 {[%clk 0:03:02]} Bb7 {[%clk 0:03:05]} 4. Bd3
{[%clk 0:03:03]} e6 {[%clk 0:03:06]} 5. O-O {[%clk 0:03:03]} Nf6 {[%clk 0:03:07]}
6. Re1 {[%clk 0:03:04]} d5 {[%clk 0:03:08]} 7. exd5 {[%clk 0:03:03]} Nxd5
{[%clk 0:03:08]} 8. c3 {[%clk 0:03:03]} Be7 {[%clk 0:03:07]} 9. Nbd2
{[%clk 0:03:04]} Nd7 {[%clk 0:03:06]} 10. Ne4 {[%clk 0:03:04]} h6
{[%clk 0:03:06]} 11. Bc2 {[%clk 0:03:01]} N5f6 {[%clk 0:02:48]} 12. Nxf6+
{[%clk 0:02:55]} Bxf6 {[%clk 0:02:48]} 13. Bf4 {[%clk 0:02:49]} Bd5
{[%clk 0:02:40]} 14. Ne5 {[%clk 0:02:45]} Nxe5 {[%clk 0:02:36]} 15. Bxe5
{[%clk 0:02:44]} O-O {[%clk 0:02:28]} 16. Qd3 {[%clk 0:02:40]} g6
{[%clk 0:02:29]} 17. Qg3 {[%clk 0:02:37]} Bxe5 {[%clk 0:02:29]} 18. Rxe5
{[%clk 0:02:38]} Qf6 {[%clk 0:02:15]} 19. h4 {[%clk 0:02:34]} Kh8
{[%clk 0:02:04]} 20. Be4 {[%clk 0:01:57]} c6 {[%clk 0:02:03]} 21. h5
{[%clk 0:01:40]} g5 {[%clk 0:02:02]} 22. Bc2 {[%clk 0:01:34]} Qf4
{[%clk 0:01:50]} 23. Qd3 {[%clk 0:01:17]} f5 {[%clk 0:01:50]} 24. b3
{[%clk 0:01:06]} Rf6 {[%clk 0:01:11]} 25. Rae1 {[%clk 0:01:00]} g4
{[%clk 0:00:57]} 26. c4 {[%clk 0:00:50]} Be4 {[%clk 0:00:55]} 27. Qe2
{[%clk 0:00:48]} Bxc2 {[%clk 0:00:41]} 28. Qxc2 {[%clk 0:00:49]} Qxd4
{[%clk 0:00:40]} 29. Rxe6 {[%clk 0:00:48]} Raf8 {[%clk 0:00:40]} 30. cxb5
{[%clk 0:00:39]} cxb5 {[%clk 0:00:37]} 31. Rxf6 {[%clk 0:00:30]} Qxf6
{[%clk 0:00:37]} 32. Qc7 {[%clk 0:00:27]} f4 {[%clk 0:00:24]} 33. Re7
{[%clk 0:00:19]} g3 {[%clk 0:00:13]} 34. Qe5 {[%clk 0:00:19]} Qxe5
{[%clk 0:00:12]} 35. Rxe5 {[%clk 0:00:20]} Rd8 {[%clk 0:00:10]} 36. fxg3
{[%clk 0:00:17]} fxg3 {[%clk 0:00:11]} 37. Kf1 {[%clk 0:00:17]} Rd2
{[%clk 0:00:11]} 38. Re6 {[%clk 0:00:15]} Rf2+ {[%clk 0:00:11]} 39. Kg1
{[%clk 0:00:16]} Rxa2 {[%clk 0:00:12]} 40. Rxh6+ {[%clk 0:00:17]} Kg7
{[%clk 0:00:11]} 41. Rg6+ {[%clk 0:00:16]} Kh7 {[%clk 0:00:12]} 42. Rxg3
{[%clk 0:00:19]} Kh6 {[%clk 0:00:13]} 43. Rh3 {[%clk 0:00:18]} Rd2
{[%clk 0:00:10]} 44. g4 {[%clk 0:00:15]} Rd4 {[%clk 0:00:05]} 45. Rg3
{[%clk 0:00:15]} Kg5 {[%clk 0:00:05]} 46. Kh2 {[%clk 0:00:16]} a5
{[%clk 0:00:03]} 47. Kh3 {[%clk 0:00:17]} a4 {[%clk 0:00:04]} 48. bxa4
{[%clk 0:00:18]} bxa4 {[%clk 0:00:05]} 49. Rc3 {[%clk 0:00:17]} Rd5
{[%clk 0:00:07]} 50. Ra3 {[%clk 0:00:13]} Ra5 {[%clk 0:00:08]} 51. Kg3
{[%clk 0:00:14]} Ra8 {[%clk 0:00:09]} 52. Kh3 {[%clk 0:00:14]} Ra5
{[%clk 0:00:10]} 53. Kg3 {[%clk 0:00:14]} Ra8 {[%clk 0:00:11]} 54. Kh3
{[%clk 0:00:15]} 1/2-1/2

[Event "Team Championship (men blitz)"]
[Site "Sochi"]
[Date "2017.10.05"]
[Round "15.27"]
[White "Jakovenko, Dmitry"]
[Black "Belyakov, Bogdan"]
[Result "1-0"]
[LiveChessVersion "1.4.8"]
[BlackElo "2477"]
[WhiteElo "2589"]

1. e4 {[%clk 0:03:04]} e5 {[%clk 0:03:04]} 2. Nf3 {[%clk 0:03:05]} Nc6
{[%clk 0:03:05]} 3. Bb5 {[%clk 0:03:06]} Nf6 {[%clk 0:03:06]} 4. d3
{[%clk 0:03:01]} Bc5 {[%clk 0:03:07]} 5. c3 {[%clk 0:03:01]} O-O {[%clk 0:03:07]}
6. Bg5 {[%clk 0:02:56]} h6 {[%clk 0:03:07]} 7. Bh4 {[%clk 0:02:56]} Be7
{[%clk 0:03:08]} 8. O-O {[%clk 0:02:53]} d6 {[%clk 0:03:08]} 9. Nbd2
{[%clk 0:02:52]} Nh5 {[%clk 0:02:58]} 10. Bg3 {[%clk 0:02:53]} Nxg3
{[%clk 0:02:46]} 11. fxg3 {[%clk 0:02:53]} f5 {[%clk 0:02:41]} 12. Qe2
{[%clk 0:02:46]} Kh8 {[%clk 0:02:38]} 13. a4 {[%clk 0:02:16]} Bd7
{[%clk 0:02:35]} 14. Bc4 {[%clk 0:02:14]} Qc8 {[%clk 0:02:21]} 15. b4
{[%clk 0:02:05]} a6 {[%clk 0:02:11]} 16. a5 {[%clk 0:01:38]} Be6 {[%clk 0:02:12]}
17. Rae1 {[%clk 0:01:26]} Bg8 {[%clk 0:01:51]} 18. Bxg8 {[%clk 0:01:26]} Kxg8
{[%clk 0:01:52]} 19. Nc4 {[%clk 0:01:26]} fxe4 {[%clk 0:01:37]} 20. dxe4
{[%clk 0:01:26]} Qe6 {[%clk 0:01:35]} 21. Ne3 {[%clk 0:01:27]} Rae8
{[%clk 0:01:35]} 22. g4 {[%clk 0:01:20]} Qg6 {[%clk 0:01:29]} 23. Nd5
{[%clk 0:01:10]} Bd8 {[%clk 0:01:24]} 24. h3 {[%clk 0:01:11]} Kh8
{[%clk 0:01:23]} 25. Qc4 {[%clk 0:01:06]} Qe6 {[%clk 0:01:19]} 26. Nd2
{[%clk 0:00:57]} Qg8 {[%clk 0:01:13]} 27. Nb3 {[%clk 0:00:37]} Ne7
{[%clk 0:01:09]} 28. Ne3 {[%clk 0:00:29]} Qh7 {[%clk 0:01:03]} 29. Nf5
{[%clk 0:00:26]} Nc6 {[%clk 0:00:59]} 30. b5 {[%clk 0:00:27]} axb5
{[%clk 0:00:54]} 31. Qxb5 {[%clk 0:00:28]} g6 {[%clk 0:00:56]} 32. Qxb7
{[%clk 0:00:23]} gxf5 {[%clk 0:00:54]} 33. Qxc6 {[%clk 0:00:24]} fxg4
{[%clk 0:00:54]} 34. hxg4 {[%clk 0:00:21]} Qg7 {[%clk 0:00:47]} 35. Qc4
{[%clk 0:00:15]} Qxg4 36. Qe2 Rxf1+ {[%clk 0:00:37]} 37. Qxf1 {[%clk 0:00:18]}
Bg5 {[%clk 0:00:32]} 38. Qf3 {[%clk 0:00:18]} Qh4 {[%clk 0:00:33]} 39. Rf1
{[%clk 0:00:14]} Bf4 {[%clk 0:00:33]} 40. Qh3 {[%clk 0:00:15]} Qg5
{[%clk 0:00:33]} 41. a6 {[%clk 0:00:15]} Ra8 {[%clk 0:00:30]} 42. Kh1
{[%clk 0:00:15]} Rxa6 {[%clk 0:00:24]} 43. Rxf4 {[%clk 0:00:10]} exf4
{[%clk 0:00:19]} 44. Qc8+ {[%clk 0:00:11]} Kh7 {[%clk 0:00:18]} 45. Qxa6
{[%clk 0:00:12]} Qh4+ {[%clk 0:00:10]} 46. Kg1 {[%clk 0:00:13]} Qe1+
{[%clk 0:00:12]} 47. Qf1 {[%clk 0:00:13]} Qxc3 {[%clk 0:00:12]} 48. Qf3
{[%clk 0:00:10]} Qe1+ {[%clk 0:00:12]} 49. Kh2 {[%clk 0:00:12]} Qh4+ 50. Qh3 Qe1
{[%clk 0:00:09]} 51. Qf5+ {[%clk 0:00:13]} Kh8 {[%clk 0:00:10]} 52. Qf6+
{[%clk 0:00:14]} Kh7 {[%clk 0:00:12]} 53. Qf7+ {[%clk 0:00:15]} Kh8
{[%clk 0:00:13]} 54. Qxf4 {[%clk 0:00:15]} Kh7 {[%clk 0:00:13]} 55. Nd4
{[%clk 0:00:16]} Qd1 {[%clk 0:00:12]} 56. Qf5+ {[%clk 0:00:17]} Kh8
{[%clk 0:00:13]} 57. Ne6 {[%clk 0:00:18]} Qe1 {[%clk 0:00:12]} 58. Nxc7
{[%clk 0:00:18]} Kh7 {[%clk 0:00:13]} 59. Qf6 {[%clk 0:00:19]} 1-0

[Event "Team Championship (men blitz)"]
[Site "Sochi"]
[Date "2017.10.05"]
[Round "15.28"]
[White "Savitskiy, Sergey"]
[Black "Iljiushenok, Ilia"]
[Result "1-0"]
[LiveChessVersion "1.4.8"]
[BlackElo "2409"]
[WhiteElo "2327"]

1. e4 {[%clk 0:03:03]} c5 {[%clk 0:03:04]} 2. Nf3 {[%clk 0:03:05]} e6 3. d4 cxd4
{[%clk 0:03:06]} 4. Nxd4 {[%clk 0:03:07]} Nc6 {[%clk 0:03:06]} 5. Nc3
{[%clk 0:03:09]} Qc7 {[%clk 0:03:06]} 6. f4 {[%clk 0:03:07]} a6 {[%clk 0:03:05]}
7. Nb3 {[%clk 0:03:09]} b5 {[%clk 0:02:57]} 8. Bd3 {[%clk 0:03:10]} d6
{[%clk 0:02:50]} 9. Be3 {[%clk 0:03:09]} Nf6 {[%clk 0:02:49]} 10. Qf3
{[%clk 0:03:03]} Bb7 {[%clk 0:02:47]} 11. g4 {[%clk 0:02:53]} Nd7
{[%clk 0:02:46]} 12. g5 {[%clk 0:02:43]} Nc5 {[%clk 0:02:41]} 13. Qh3
{[%clk 0:02:03]} Be7 {[%clk 0:01:46]} 14. g6 {[%clk 0:01:36]} fxg6
{[%clk 0:01:32]} 15. Nxc5 {[%clk 0:01:27]} dxc5 {[%clk 0:01:33]} 16. Qxe6
{[%clk 0:01:26]} Nd4 {[%clk 0:01:16]} 17. Bxd4 {[%clk 0:01:21]} cxd4
{[%clk 0:01:17]} 18. Nd5 {[%clk 0:01:22]} Bxd5 {[%clk 0:01:16]} 19. Qxd5
{[%clk 0:01:23]} Rd8 {[%clk 0:01:14]} 20. Qe5 {[%clk 0:00:57]} Qa5+
{[%clk 0:00:45]} 21. Ke2 {[%clk 0:00:57]} Qb6 {[%clk 0:00:46]} 22. a4
{[%clk 0:00:41]} b4 {[%clk 0:00:47]} 23. a5 {[%clk 0:00:40]} Qc6 {[%clk 0:00:48]}
24. h4 {[%clk 0:00:27]} Rf8 {[%clk 0:00:31]} 25. h5 {[%clk 0:00:27]} g5
{[%clk 0:00:26]} 26. h6 {[%clk 0:00:24]} g6 {[%clk 0:00:26]} 27. fxg5
{[%clk 0:00:20]} Rd6 {[%clk 0:00:18]} 28. Rhf1 {[%clk 0:00:18]} Qd7
{[%clk 0:00:12]} 29. Rxf8+ {[%clk 0:00:18]} Kxf8 {[%clk 0:00:11]} 30. Qh8+
{[%clk 0:00:18]} Kf7 {[%clk 0:00:10]} 31. Bc4+ {[%clk 0:00:19]} Re6
{[%clk 0:00:09]} 32. Rf1+ {[%clk 0:00:20]} 1-0

[Event "Team Championship (men blitz)"]
[Site "Sochi"]
[Date "2017.10.05"]
[Round "15.29"]
[White "Sarana, Alexey"]
[Black "Fedoseev, Vladimir"]
[Result "1-0"]
[LiveChessVersion "1.4.8"]
[BlackElo "2656"]
[WhiteElo "2574"]

1. d4 {[%clk 0:03:03]} Nf6 {[%clk 0:03:04]} 2. Nf3 e6 3. c4 {[%clk 0:03:04]} d5
{[%clk 0:03:07]} 4. Nc3 {[%clk 0:03:05]} Be7 {[%clk 0:03:08]} 5. g3
{[%clk 0:03:06]} O-O {[%clk 0:03:09]} 6. Bg2 {[%clk 0:03:07]} Nbd7
{[%clk 0:03:10]} 7. O-O c6 8. Qd3 {[%clk 0:03:08]} b6 {[%clk 0:03:12]} 9. b3
{[%clk 0:03:09]} Ba6 {[%clk 0:03:13]} 10. e4 {[%clk 0:03:10]} Qc8
{[%clk 0:03:14]} 11. Bb2 {[%clk 0:03:00]} Rd8 {[%clk 0:03:15]} 12. Rac1
{[%clk 0:03:00]} Nc5 {[%clk 0:02:46]} 13. dxc5 {[%clk 0:02:47]} dxe4
{[%clk 0:02:47]} 14. Qe2 {[%clk 0:02:35]} exf3 {[%clk 0:02:48]} 15. Qxf3
{[%clk 0:02:30]} Rd2 {[%clk 0:02:49]} 16. Na4 {[%clk 0:02:18]} bxc5
{[%clk 0:02:02]} 17. Rcd1 {[%clk 0:02:11]} Rxd1 {[%clk 0:01:21]} 18. Rxd1
{[%clk 0:02:12]} Bb7 {[%clk 0:01:21]} 19. Bxf6 {[%clk 0:01:51]} gxf6
{[%clk 0:01:22]} 20. Qe3 {[%clk 0:01:52]} Qf8 {[%clk 0:01:18]} 21. Rd7
{[%clk 0:01:52]} Rb8 {[%clk 0:01:13]} 22. Qf4 {[%clk 0:01:48]} e5
{[%clk 0:01:03]} 23. Qg4+ {[%clk 0:01:41]} Kh8 {[%clk 0:01:04]} 24. Be4
{[%clk 0:01:36]} Bc8 {[%clk 0:00:42]} 25. Qh5 {[%clk 0:01:36]} Qg7
{[%clk 0:00:25]} 26. Rxe7 {[%clk 0:01:31]} Bg4 {[%clk 0:00:26]} 27. Qxf7
{[%clk 0:01:31]} 1-0

[Event "Team Championship (men blitz)"]
[Site "Sochi"]
[Date "2017.10.05"]
[Round "15.30"]
[White "Kovalev, Vladislav"]
[Black "Demidov, Mikhail"]
[Result "1/2-1/2"]
[LiveChessVersion "1.4.8"]
[BlackElo "2555"]
[WhiteElo "2527"]

1. Nf3 {[%clk 0:03:03]} d5 {[%clk 0:03:01]} 2. g3 {[%clk 0:03:04]} c6
{[%clk 0:03:03]} 3. Bg2 {[%clk 0:03:05]} Bg4 {[%clk 0:03:04]} 4. O-O
{[%clk 0:03:06]} Nd7 {[%clk 0:03:05]} 5. d3 {[%clk 0:03:05]} Ngf6
{[%clk 0:03:06]} 6. Nbd2 {[%clk 0:03:03]} e5 {[%clk 0:03:07]} 7. e4
{[%clk 0:02:59]} dxe4 {[%clk 0:03:02]} 8. dxe4 {[%clk 0:02:58]} Be7
{[%clk 0:02:59]} 9. h3 {[%clk 0:02:57]} Bxf3 {[%clk 0:02:58]} 10. Qxf3
{[%clk 0:02:55]} O-O {[%clk 0:02:58]} 11. a4 {[%clk 0:02:24]} Qc7
{[%clk 0:02:55]} 12. Nc4 {[%clk 0:02:21]} Rfd8 {[%clk 0:02:48]} 13. h4
{[%clk 0:01:58]} Nc5 {[%clk 0:02:29]} 14. Qe2 {[%clk 0:01:56]} Ne6
{[%clk 0:02:28]} 15. c3 {[%clk 0:01:54]} Nc5 {[%clk 0:02:28]} 16. Bg5
{[%clk 0:01:23]} h6 {[%clk 0:02:26]} 17. Bc1 {[%clk 0:01:16]} Nb3
{[%clk 0:02:26]} 18. Rb1 {[%clk 0:01:12]} Nxc1 {[%clk 0:02:20]} 19. Rbxc1
{[%clk 0:01:11]} Nd7 {[%clk 0:02:21]} 20. b4 {[%clk 0:00:48]} Nb6
{[%clk 0:02:18]} 21. a5 {[%clk 0:00:32]} Nxc4 {[%clk 0:02:14]} 22. Qxc4
{[%clk 0:00:33]} b5 {[%clk 0:02:09]} 23. axb6 {[%clk 0:00:32]} axb6
{[%clk 0:02:07]} 24. Rfd1 {[%clk 0:00:32]} g6 {[%clk 0:01:38]} 25. Bf1
{[%clk 0:00:30]} Kg7 {[%clk 0:01:38]} 26. Be2 {[%clk 0:00:29]} h5
{[%clk 0:01:39]} 27. Kg2 {[%clk 0:00:27]} b5 {[%clk 0:01:39]} 28. Qb3
{[%clk 0:00:28]} Qb6 {[%clk 0:01:28]} 29. Rxd8 {[%clk 0:00:25]} Rxd8
{[%clk 0:01:27]} 30. Rd1 {[%clk 0:00:25]} Rxd1 {[%clk 0:01:08]} 31. Qxd1
{[%clk 0:00:26]} Qc7 {[%clk 0:01:03]} 32. Qd2 {[%clk 0:00:20]} Qa7
{[%clk 0:01:00]} 33. Qd3 {[%clk 0:00:16]} Qc7 {[%clk 0:00:58]} 34. Qd1
{[%clk 0:00:16]} Qa7 {[%clk 0:00:56]} 1/2-1/2

[Event "Team Championship (men blitz)"]
[Site "Sochi"]
[Date "2017.10.05"]
[Round "15.31"]
[White "Lugovskoy, Maxim"]
[Black "Predke, Alexandr"]
[Result "0-1"]
[LiveChessVersion "1.4.8"]
[BlackElo "2528"]
[WhiteElo "2512"]

1. d4 {[%clk 0:03:03]} Nf6 {[%clk 0:03:03]} 2. Nc3 {[%clk 0:03:04]} d5
{[%clk 0:03:00]} 3. Bf4 {[%clk 0:03:05]} c6 {[%clk 0:03:00]} 4. e3
{[%clk 0:03:06]} g6 {[%clk 0:03:00]} 5. h4 {[%clk 0:03:07]} h5 {[%clk 0:02:59]}
6. Nf3 {[%clk 0:03:05]} Bg4 {[%clk 0:02:59]} 7. Be2 {[%clk 0:03:06]} Bxf3
{[%clk 0:02:56]} 8. Bxf3 {[%clk 0:03:04]} Nbd7 {[%clk 0:02:57]} 9. Qd2
{[%clk 0:02:55]} b5 {[%clk 0:02:51]} 10. a3 {[%clk 0:02:55]} a5 {[%clk 0:02:52]}
11. O-O {[%clk 0:02:28]} Bg7 {[%clk 0:02:49]} 12. b4 {[%clk 0:02:16]} axb4
{[%clk 0:02:46]} 13. axb4 {[%clk 0:02:17]} Nb6 {[%clk 0:02:37]} 14. e4
{[%clk 0:02:05]} dxe4 {[%clk 0:02:00]} 15. Nxe4 {[%clk 0:02:05]} Nfd5
{[%clk 0:01:49]} 16. Be5 {[%clk 0:02:02]} Rxa1 {[%clk 0:01:37]} 17. Rxa1
{[%clk 0:02:00]} Nc4 {[%clk 0:01:38]} 18. Qg5 {[%clk 0:01:42]} Nxe5
{[%clk 0:01:34]} 19. dxe5 {[%clk 0:01:42]} Bh6 {[%clk 0:01:24]} 20. Qg3
{[%clk 0:01:41]} Bf4 {[%clk 0:01:25]} 21. Qh3 {[%clk 0:01:34]} Bxe5
{[%clk 0:01:25]} 22. Rd1 {[%clk 0:01:35]} Qc7 {[%clk 0:01:21]} 23. Nc5
{[%clk 0:01:21]} O-O {[%clk 0:00:42]} 24. Bxd5 {[%clk 0:01:18]} cxd5
{[%clk 0:00:42]} 25. Rxd5 {[%clk 0:01:19]} Ra8 {[%clk 0:00:26]} 26. g3
{[%clk 0:01:16]} Bd6 {[%clk 0:00:22]} 27. Qd7 {[%clk 0:01:06]} Qxd7
{[%clk 0:00:15]} 28. Nxd7 {[%clk 0:01:07]} Bxb4 {[%clk 0:00:12]} 29. Rxb5
{[%clk 0:01:08]} Bd6 {[%clk 0:00:12]} 30. c4 {[%clk 0:00:50]} Ra7
{[%clk 0:00:13]} 31. Nb6 {[%clk 0:00:46]} Rc7 {[%clk 0:00:14]} 32. Kf1
{[%clk 0:00:35]} Kg7 {[%clk 0:00:09]} 33. Ke2 {[%clk 0:00:36]} e6
{[%clk 0:00:11]} 34. Kd3 {[%clk 0:00:37]} Bc5 {[%clk 0:00:11]} 35. Ke2
{[%clk 0:00:23]} Bxb6 {[%clk 0:00:11]} 36. Rxb6 {[%clk 0:00:24]} Rxc4
{[%clk 0:00:12]} 37. Rb3 {[%clk 0:00:21]} e5 {[%clk 0:00:12]} 38. Kf3
{[%clk 0:00:22]} Kf6 {[%clk 0:00:13]} 39. Ra3 {[%clk 0:00:23]} Kf5
{[%clk 0:00:14]} 40. Rb3 {[%clk 0:00:23]} Rd4 {[%clk 0:00:13]} 41. Ra3
{[%clk 0:00:23]} f6 {[%clk 0:00:11]} 42. Rb3 {[%clk 0:00:23]} Ra4
{[%clk 0:00:13]} 43. Rc3 {[%clk 0:00:24]} Rd4 {[%clk 0:00:14]} 44. Ra3
{[%clk 0:00:25]} g5 {[%clk 0:00:15]} 45. hxg5 {[%clk 0:00:24]} Kxg5
{[%clk 0:00:14]} 46. Rb3 {[%clk 0:00:17]} h4 {[%clk 0:00:13]} 47. gxh4+
{[%clk 0:00:17]} Rxh4 {[%clk 0:00:13]} 48. Rb8 {[%clk 0:00:15]} Kf5
{[%clk 0:00:12]} 49. Rb6 {[%clk 0:00:13]} e4+ {[%clk 0:00:09]} 50. Ke2
{[%clk 0:00:13]} Rh3 {[%clk 0:00:09]} 51. Ra6 {[%clk 0:00:10]} Ke5
{[%clk 0:00:10]} 52. Rb6 {[%clk 0:00:10]} f5 {[%clk 0:00:11]} 53. Ra6
{[%clk 0:00:09]} Rb3 {[%clk 0:00:10]} 54. Ra2 {[%clk 0:00:04]} Rc3
{[%clk 0:00:09]} 55. Rb2 {[%clk 0:00:06]} f4 {[%clk 0:00:10]} 56. Rb5+
{[%clk 0:00:06]} Kd4 {[%clk 0:00:11]} 57. Rb4+ {[%clk 0:00:08]} Rc4
{[%clk 0:00:13]} 58. Rb2 {[%clk 0:00:05]} f3+ {[%clk 0:00:08]} 59. Kd2
{[%clk 0:00:05]} Ra4 {[%clk 0:00:08]} 60. Rc2 {[%clk 0:00:04]} Ra1
{[%clk 0:00:08]} 61. Rb2 {[%clk 0:00:04]} Rf1 {[%clk 0:00:06]} 62. Rb4+
{[%clk 0:00:05]} Ke5 {[%clk 0:00:07]} 63. Rb5+ {[%clk 0:00:03]} Kf4
{[%clk 0:00:08]} 0-1

[Event "Team Championship (men blitz)"]
[Site "Sochi"]
[Date "2017.10.05"]
[Round "15.32"]
[White "Yuffa, Daniil"]
[Black "Krylov, Mikhail"]
[Result "1-0"]
[LiveChessVersion "1.4.8"]
[BlackElo "2494"]
[WhiteElo "2542"]

1. d4 {[%clk 0:03:03]} Nf6 {[%clk 0:03:03]} 2. c4 {[%clk 0:03:04]} g6
{[%clk 0:03:04]} 3. g3 {[%clk 0:03:05]} Bg7 {[%clk 0:03:05]} 4. Bg2
{[%clk 0:03:06]} O-O {[%clk 0:03:06]} 5. Nc3 {[%clk 0:03:07]} d6 {[%clk 0:03:06]}
6. Nf3 {[%clk 0:03:08]} Nc6 {[%clk 0:03:07]} 7. O-O {[%clk 0:03:09]} a6
{[%clk 0:03:08]} 8. Bf4 {[%clk 0:03:10]} Rb8 {[%clk 0:03:02]} 9. Rc1
{[%clk 0:03:11]} e6 {[%clk 0:02:59]} 10. Qd2 {[%clk 0:03:10]} Re8
{[%clk 0:02:58]} 11. e4 {[%clk 0:02:53]} Ne7 {[%clk 0:02:54]} 12. d5
{[%clk 0:02:49]} b5 {[%clk 0:02:42]} 13. cxb5 {[%clk 0:02:40]} exd5
{[%clk 0:02:34]} 14. exd5 {[%clk 0:02:34]} axb5 {[%clk 0:02:35]} 15. Nd4
{[%clk 0:02:24]} b4 {[%clk 0:02:30]} 16. Ncb5 {[%clk 0:02:25]} Ba6
{[%clk 0:02:19]} 17. Nxc7 {[%clk 0:02:18]} Bxf1 {[%clk 0:02:19]} 18. Nxe8
{[%clk 0:02:18]} Bxg2 {[%clk 0:02:12]} 19. Nxf6+ {[%clk 0:02:17]} Nxd5
{[%clk 0:01:32]} 1-0